| 000 | 00501nam a2200169Ia 4500 | ||
|---|---|---|---|
| 005 | 20250508151723.0 | ||
| 008 | 008 250505s9999 xx 000 0 eng d | ||
| 037 | _aTextual | ||
| 040 |
_aFEDL _beng _cFEDL |
||
| 041 |
_aeng _2eng |
||
| 084 |
_a378.545, IND _qFEDL |
||
| 245 | 0 | _aReport of the first seminar aro principals of colleges, heald at Subathu (Simla Hills) | |
| 245 | 0 | _cGovernment of India | |
| 300 | _a15p. | ||
| 942 |
_cTEXL _h378.545, IND |
||
| 999 |
_c1331673 _d1331673 |
||